[Event "Catalunya-ch Seniors"]
[Site "Santa Susanna"]
[Date "2019.05.22"]
[Round "5"]
[White "Navarro Alvarez, Antonio"]
[Black "Vinals Rioja, Jaume"]
[Result "0-1"]
[WhiteElo "1943"]
[BlackElo "2026"]
[PlyCount "56"]
[EventDate "2019.05.18"]
[EventType "swiss"]
[EventRounds "9"]
[EventCountry "ESP"]
[SourceTitle "CBM 190 Extra"]
[Source "ChessBase"]
[SourceDate "2019.07.15"]
[SourceVersion "1"]
[SourceVersionDate "2019.07.15"]
[SourceQuality "1"]

1. Nf3 d5 2. d4 Nf6 3. e3 e6 4. Bd3 c5 5. c3 Nc6 6. 0-0 Bd6 7. dxc5 Bxc5 8. b4 Bd6 9. Bb2 0-0 10. Nbd2 Ne5 11. Nxe5 Bxe5 12. Nf3 Bd6 13. Nd2 b6 14. e4 Bb7 15. exd5 Bxd5 16. a3 Bb7 17. Qe2 Qc7 18. h3 Qc6 19. Nf3 Nh5 20. b5 Qc5 21. g3 Nxg3 22. Qe3 Qxe3 23. fxe3 Nxf1 24. Rxf1 Bxf3 25. Rxf3 Be5 26. Be4 Rad8 27. Rf2 f5 28. Bc6 Rd3 0-1

[Event "Catalunya-ch Seniors 34th"]
[Site "Lloret del Mar"]
[Date "2018.05.22"]
[Round "4"]
[White "Navarro Alvarez, Antonio"]
[Black "Mas Recorda, Pere"]
[Result "0-1"]
[WhiteElo "1989"]
[BlackElo "1947"]
[PlyCount "100"]
[EventDate "2018.05.19"]
[EventType "swiss"]
[EventRounds "9"]
[EventCountry "ESP"]
[SourceTitle "CBM 184 Extra"]
[Source "ChessBase"]
[SourceDate "2018.06.28"]
[SourceVersion "1"]
[SourceVersionDate "2018.06.28"]
[SourceQuality "1"]

1. Nf3 e6 2. c4 d5 3. cxd5 exd5 4. d4 Bd6 5. g3 Nf6 6. Bg2 0-0 7. 0-0 Re8 8. Nc3 c6 9. Bd2 Nbd7 10. Qc1 Ne4 11. Nxe4 Rxe4 12. Be3 Re8 13. Re1 Nf6 14. a3 Bf5 15. Nh4 Bd7 16. b4 a6 17. Rb1 Nh5 18. Bd2 Nf6 19. Rb3 Ne4 20. Nf3 Nxd2 21. Qxd2 Bf5 22. Nh4 Bg4 23. e4 dxe4 24. Bxe4 Be7 25. Rbe3 g6 26. Bg2 Be6 27. Nf3 Bf6 28. Re4 Qd7 29. Qf4 Kg7 30. Ne5 Qc8 31. Ng4 Qd8 32. h4 h5 33. Qh6+ Kg8 34. Nxf6+ Qxf6 35. Qe3 Rad8 36. Rf4 Qg7 37. Kh2 Rd7 38. Re4 Red8 39. Bh3 Bxh3 40. Re8+ Rxe8 41. Qxe8+ Kh7 42. Kxh3 Qxd4 43. Re3 Qd5 44. Kh2 Kg7 45. Re5 Qd2 46. Re2 Qd4 47. Re3 Rd8 48. Qe7 Qf6 49. Qe4 Qxf2+ 50. Kh3 Rd2 0-1

[Event "Catalunya-ch Seniors"]
[Site "Vila Seca"]
[Date "2017.05.27"]
[Round "8"]
[White "Navarro Alvarez, Antonio"]
[Black "Dominguez Rueda, Juan"]
[Result "0-1"]
[WhiteElo "2002"]
[BlackElo "2092"]
[PlyCount "87"]
[EventDate "2017.05.20"]
[EventType "swiss"]
[EventRounds "9"]
[EventCountry "ESP"]
[SourceTitle "CBM 178 Extra"]
[Source "ChessBase"]
[SourceDate "2017.06.22"]
[SourceVersion "1"]
[SourceVersionDate "2017.06.22"]
[SourceQuality "1"]

1. Nf3 d6 2. d4 Nf6 3. g3 Nbd7 4. Bg2 e5 5. dxe5 dxe5 6. Nc3 Be7 7. 0-0 0-0 8. e4 c6 9. Be3 Qc7 10. Qe2 Re8 11. h4 Nc5 12. Nh2 Ne6 13. g4 Nd7 14. g5 Ndf8 15. Qc4 b5 16. Qe2 Ng6 17. Nf3 Rf8 18. Rfd1 f6 19. Qf1 fxg5 20. Bxg5 Bxg5 21. hxg5 Qe7 22. Ne2 Nxg5 23. Nxg5 Qxg5 24. Rd3 Bg4 25. Rg3 Qh5 26. f3 Be6 27. Kf2 Nf4 28. Qh1 Qf7 29. Qh4 Nxe2 30. Rh1 g6 31. Kxe2 Rad8 32. Rg5 Bc4+ 33. Ke1 Rde8 34. Bh3 Re7 35. Bf5 Qg7 36. Bxg6 hxg6 37. Rhg1 Rf6 38. Rh5 Bf7 39. Rh7 Qxh7 40. Qxf6 Rd7 41. Qxe5 Qh4+ 42. Ke2 Qe7 43. Qh2 Qd6 44. Qg2 0-1

[Event "Catalunya-ch Seniors"]
[Site "Vila Seca"]
[Date "2017.05.25"]
[Round "6"]
[White "Navarro Alvarez, Antonio"]
[Black "Buxade Roca, Guillermo"]
[Result "1-0"]
[WhiteElo "2002"]
[BlackElo "2038"]
[PlyCount "63"]
[EventDate "2017.05.20"]
[EventType "swiss"]
[EventRounds "9"]
[EventCountry "ESP"]
[SourceTitle "CBM 178 Extra"]
[Source "ChessBase"]
[SourceDate "2017.06.22"]
[SourceVersion "1"]
[SourceVersionDate "2017.06.22"]
[SourceQuality "1"]

1. Nf3 c5 2. g3 g6 3. Bg2 Bg7 4. 0-0 Nc6 5. c3 Nf6 6. d4 cxd4 7. cxd4 d6 8. d5 Nb8 9. Nc3 0-0 10. Bf4 Bg4 11. Qd2 Re8 12. Rac1 Qd7 13. Ng5 h6 14. Nge4 g5 15. Be3 Na6 16. f4 Nxe4 17. Bxe4 Bh3 18. Rf2 f5 19. Bd3 g4 20. Bb5 Bxc3 21. Qd3 Nb4 22. Bxd7 Nxd3 23. exd3 Bb4 24. Bxe8 Rxe8 25. Rfc2 Kf7 26. Rc8 e5 27. Rxe8 Kxe8 28. fxe5 dxe5 29. Rc8+ Kd7 30. Rb8 f4 31. gxf4 exf4 32. Bxf4 1-0

[Event "Catalunya-ch Seniors"]
[Site "Vila Seca"]
[Date "2017.05.24"]
[Round "5"]
[White "Navarro Alvarez, Antonio"]
[Black "Leon Escoda, Manuel"]
[Result "1-0"]
[WhiteElo "2002"]
[BlackElo "1925"]
[PlyCount "81"]
[EventDate "2017.05.20"]
[EventType "swiss"]
[EventRounds "9"]
[EventCountry "ESP"]
[SourceTitle "CBM 178 Extra"]
[Source "ChessBase"]
[SourceDate "2017.06.22"]
[SourceVersion "1"]
[SourceVersionDate "2017.06.22"]
[SourceQuality "1"]

1. Nf3 Nf6 2. d4 c5 3. d5 b5 4. Bg5 Ne4 5. Bf4 g6 6. Nbd2 Nxd2 7. Qxd2 Bg7 8. e4 a6 9. c3 d6 10. Be2 0-0 11. Bh6 e5 12. dxe6 Bxe6 13. Bxg7 Kxg7 14. 0-0 Qb6 15. Rfd1 Rd8 16. Qf4 Ra7 17. Rd2 Rad7 18. b3 f6 19. Rad1 d5 20. e5 f5 21. h4 h6 22. h5 Bf7 23. hxg6 Qxg6 24. Nh4 Qg5 25. Nxf5+ Kh8 26. Qxg5 hxg5 27. Bg4 Be6 28. Ne3 Bxg4 29. Nxg4 d4 30. cxd4 Rxd4 31. Rxd4 Rxd4 32. Rxd4 cxd4 33. Kf1 Nc6 34. Ke2 Kg7 35. a3 Na5 36. b4 Nc4 37. Kd3 Nxa3 38. Kxd4 Kf7 39. Kd5 Nc2 40. Kd6 Nxb4 41. e6+ 1-0

[Event "Catalunya-ch Seniors"]
[Site "Vila Seca"]
[Date "2016.05.27"]
[Round "7"]
[White "Monedero Gonzalez, Josep"]
[Black "Navarro Alvarez, Antonio"]
[Result "1-0"]
[WhiteElo "2004"]
[BlackElo "2005"]
[PlyCount "121"]
[EventDate "2016.05.21"]
[EventType "swiss"]
[EventRounds "9"]
[EventCountry "ESP"]
[SourceTitle "CBM 172 Extra"]
[Source "ChessBase"]
[SourceDate "2016.06.21"]
[SourceVersion "1"]
[SourceVersionDate "2016.06.21"]
[SourceQuality "1"]

1. d4 Nf6 2. Nf3 d5 3. e3 e6 4. Bd3 c5 5. c3 Nc6 6. Nbd2 cxd4 7. exd4 Ne7 8. Ne5 Ng6 9. Ndf3 Be7 10. Bb5+ Nd7 11. Nxg6 hxg6 12. Ne5 a6 13. Bd3 Nxe5 14. dxe5 Bd7 15. Be3 Bg5 16. Bd4 Qa5 17. a4 Qc7 18. Qe2 Rc8 19. a5 Bc6 20. 0-0 f5 21. f4 Be7 22. b4 Kf7 23. Rf3 Qd7 24. Rb1 Bb5 25. Bxb5 axb5 26. Qe3 Qc6 27. Ra1 Qc4 28. Qd3 Qc6 29. Rf2 Rh4 30. Rf3 Rch8 31. h3 g5 32. fxg5 Bxg5 33. Rxf5+ exf5 34. Qxf5+ Bf6 35. exf6 gxf6 36. Rf1 R8h6 37. Qg5 R4h5 38. Rxf6+ Qxf6 39. Bxf6 Rxg5 40. Bxg5 Re6 41. Kf2 Kg6 42. Be3 Kf5 43. Kf3 Re4 44. g4+ Kg6 45. h4 Kf6 46. h5 Ke6 47. Bd4 Kf7 48. Kg3 Kg8 49. Kh4 Kh7 50. Kg5 Kg8 51. Kf5 Kh7 52. g5 Re8 53. Kf6 Re1 54. Kf7 Rf1+ 55. Bf6 Rf2 56. Ke6 d4 57. Bxd4 Rf8 58. Kd6 Rc8 59. Kd7 Rc6 60. Be5 Rc4 61. Ke6 1-0

[Event "Catalunya-ch Seniors"]
[Site "Vila Seca"]
[Date "2016.05.26"]
[Round "6"]
[White "Navarro Alvarez, Antonio"]
[Black "Sanz Bastos, Fernando"]
[Result "1/2-1/2"]
[WhiteElo "2005"]
[BlackElo "1925"]
[PlyCount "71"]
[EventDate "2016.05.21"]
[EventType "swiss"]
[EventRounds "9"]
[EventCountry "ESP"]
[SourceTitle "CBM 172 Extra"]
[Source "ChessBase"]
[SourceDate "2016.06.21"]
[SourceVersion "1"]
[SourceVersionDate "2016.06.21"]
[SourceQuality "1"]

1. Nf3 f5 2. d4 Nf6 3. Nc3 e6 4. Bf4 d6 5. e3 Be7 6. Bd3 Nc6 7. 0-0 Nh5 8. Re1 Nxf4 9. exf4 0-0 10. d5 Nb4 11. dxe6 Nxd3 12. Qxd3 c6 13. Rad1 Qe8 14. Rd2 Qg6 15. Rde2 Qg4 16. Qe3 Rf6 17. h3 Qh5 18. Ng5 h6 19. Nf3 Rxe6 20. Qd3 Rxe2 21. Rxe2 Bf8 22. Nd1 Bd7 23. Ne3 Qf7 24. b3 Re8 25. Rd2 Be6 26. Nd4 g6 27. c4 Qf6 28. Nxe6 Rxe6 29. g3 Bg7 30. Kg2 Qc3 31. Kf3 Qxd3 32. Rxd3 Kf8 33. b4 g5 34. Kg2 b5 35. Kf1 bxc4 36. Nxc4 1/2-1/2

[Event "Catalunya-ch Seniors"]
[Site "Vila Seca"]
[Date "2016.05.25"]
[Round "5"]
[White "Buxade Roca, Guillermo"]
[Black "Navarro Alvarez, Antonio"]
[Result "1/2-1/2"]
[WhiteElo "2052"]
[BlackElo "2005"]
[PlyCount "60"]
[EventDate "2016.05.21"]
[EventType "swiss"]
[EventRounds "9"]
[EventCountry "ESP"]
[SourceTitle "CBM 172 Extra"]
[Source "ChessBase"]
[SourceDate "2016.06.21"]
[SourceVersion "1"]
[SourceVersionDate "2016.06.21"]
[SourceQuality "1"]

1. e4 d6 2. d4 Nf6 3. Nc3 g6 4. g3 Bg7 5. Bg2 0-0 6. Nge2 c5 7. dxc5 dxc5 8. Be3 Na6 9. h3 Qa5 10. 0-0 Rd8 11. Qc1 Nb4 12. Rd1 Rxd1+ 13. Qxd1 Be6 14. a3 Rd8 15. Qc1 Nc6 16. Nf4 Bc8 17. Kh2 Nd4 18. e5 Nd7 19. Nfd5 Nxe5 20. Nxe7+ Kf8 21. Nxc8 Rxc8 22. Bh6 Qa6 23. Qf4 Re8 24. Bxg7+ Kxg7 25. Nd5 Qe2 26. Kh1 Nxc2 27. Rf1 Ne1 28. Qf6+ Kg8 29. Ne7+ Kf8 30. Nd5 Kg8 1/2-1/2

[Event "Catalunya-ch Seniors"]
[Site "Vila Seca"]
[Date "2016.05.24"]
[Round "4"]
[White "Navarro Alvarez, Antonio"]
[Black "Basas Gamazo, Josep"]
[Result "1-0"]
[WhiteElo "2005"]
[BlackElo "1968"]
[PlyCount "103"]
[EventDate "2016.05.21"]
[EventType "swiss"]
[EventRounds "9"]
[EventCountry "ESP"]
[SourceTitle "CBM 172 Extra"]
[Source "ChessBase"]
[SourceDate "2016.06.21"]
[SourceVersion "1"]
[SourceVersionDate "2016.06.21"]
[SourceQuality "1"]

1. Nf3 Nf6 2. d4 g6 3. Nc3 d5 4. Bf4 Bg7 5. Qd2 0-0 6. Bh6 Ne4 7. Nxe4 dxe4 8. Bxg7 Kxg7 9. Ne5 f6 10. Nc4 Be6 11. e3 Nd7 12. 0-0-0 c6 13. Kb1 b5 14. Na5 Qb6 15. f3 Bd5 16. Be2 Rfd8 17. fxe4 Bxe4 18. Bf3 Bxf3 19. gxf3 Ne5 20. Qb4 Nf7 21. h4 Nd6 22. h5 Re8 23. e4 Nb7 24. Nxb7 Qxb7 25. Qd2 g5 26. h6+ Kf7 27. e5 Rg8 28. Rde1 Rad8 29. Qd3 Rg6 30. Qe4 fxe5 31. Qf5+ Kg8 32. Qxe5 e6 33. c3 b4 34. Qa5 Rb8 35. c4 Qd7 36. Rd1 Qf7 37. d5 cxd5 38. cxd5 Qxf3 39. dxe6 Qe4+ 40. Ka1 Qxe6 41. Rd8+ Rxd8 42. Qxd8+ Kf7 43. Qh8 Rxh6 44. Rf1+ Rf6 45. Qxh7+ Kf8 46. Qh8+ Kf7 47. Qh7+ Kf8 48. Rd1 Rg6 49. Qh8+ Kf7 50. Qh7+ Kf8 51. Qc7 Qe7 52. Qc8+ 1-0

[Event "Catalunya-ch Seniors 31st"]
[Site "Santa Susanna"]
[Date "2015.05.29"]
[Round "7"]
[White "Buxade Roca, Guillermo"]
[Black "Navarro Alvarez, Antonio"]
[Result "1/2-1/2"]
[WhiteElo "2235"]
[BlackElo "2102"]
[PlyCount "91"]
[EventDate "2015.05.23"]
[EventType "swiss"]
[EventRounds "9"]
[EventCountry "CAT"]
[SourceTitle "CBM 166 Extra"]
[Source "ChessBase"]
[SourceDate "2015.06.18"]
[SourceVersion "1"]
[SourceVersionDate "2015.06.18"]
[SourceQuality "1"]

1. e4 e6 2. Qe2 e5 3. Nf3 Nc6 4. c3 d5 5. exd5 Qxd5 6. Qc4 Be6 7. d3 Qxc4 8. dxc4 0-0-0 9. Nbd2 h6 10. g3 f5 11. b4 e4 12. b5 g5 13. bxc6 exf3 14. cxb7+ Kb8 15. Nxf3 Bg7 16. Bd2 g4 17. Nd4 Bxd4 18. cxd4 Rxd4 19. Bc3 Re4+ 20. Kd2 Rh7 21. Bd3 Rd7 22. Kc2 Rxd3 23. Kxd3 Bxc4+ 24. Kc2 Re2+ 25. Bd2 Rxf2 26. Rhe1 Nf6 27. Kc3 Ba6 28. Bxh6 Rxh2 29. Rh1 Rxh1 30. Rxh1 Ne4+ 31. Kd4 Nxg3 32. Rb1 Bxb7 33. Ke5 Ne2 34. Kxf5 g3 35. Be3 g2 36. Kg4 Nc3 37. Ra1 Bd5 38. a3 Kb7 39. Kh3 c6 40. Kh2 a5 41. Bd2 Ne2 42. Rb1+ Kc7 43. Bxa5+ Kd6 44. Bd2 g1Q+ 45. Rxg1 Nxg1 46. Kxg1 1/2-1/2

[Event "Catalunya-ch Seniors"]
[Site "Santa Susanna"]
[Date "2013.05.08"]
[Round "5"]
[White "Navarro Alvarez, Antonio"]
[Black "Garcia Riera, Josep"]
[Result "1/2-1/2"]
[WhiteElo "1973"]
[BlackElo "2054"]
[PlyCount "91"]
[EventDate "2013.05.04"]
[EventType "swiss"]
[EventRounds "9"]
[EventCountry "ESP"]
[SourceTitle "CBM 154 Extra"]
[Source "ChessBase"]
[SourceDate "2013.06.25"]
[SourceVersion "2"]
[SourceVersionDate "2013.06.25"]
[SourceQuality "1"]

1. g3 Nf6 2. Bg2 d5 3. d3 e6 4. Nf3 Be7 5. 0-0 0-0 6. Nbd2 Nc6 7. e4 dxe4 8. dxe4 e5 9. c3 h6 10. Qe2 Be6 11. Qb5 Qd6 12. Qxb7 a6 13. Nd4 Nxd4 14. cxd4 Rfb8 15. dxe5 Qd7 16. Qxa8 Rxa8 17. exf6 Bb4 18. e5 Rd8 19. fxg7 Bxd2 20. Rd1 Qb5 21. Bxd2 Bg4 22. f3 Qe2 23. fxg4 Rxd2 24. Rxd2 Qxd2 25. Rf1 Qxb2 26. Rf2 Qxe5 27. Bf1 Kxg7 28. Bxa6 Qe4 29. h3 c5 30. Bc8 c4 31. Bf5 Qe3 32. Kg2 c3 33. Bc2 f6 34. Bb3 Qd4 35. Rc2 Kf8 36. Rf2 Ke7 37. Re2+ Kd6 38. Rf2 Qe4+ 39. Kh2 Qe7 40. Kg2 Kc5 41. Rf5+ Kb4 42. Rf4+ Ka3 43. Rf2 Qe4+ 44. Kh2 Qe3 45. Kg2 Qe4+ 46. Kh2 1/2-1/2

[Event "Catalunya-ch Seniors"]
[Site "Santa Susanna"]
[Date "2013.05.07"]
[Round "4"]
[White "Fernandez Perez, Josep"]
[Black "Navarro Alvarez, Antonio"]
[Result "0-1"]
[WhiteElo "2072"]
[BlackElo "1973"]
[PlyCount "114"]
[EventDate "2013.05.04"]
[EventType "swiss"]
[EventRounds "9"]
[EventCountry "ESP"]
[SourceTitle "CBM 154 Extra"]
[Source "ChessBase"]
[SourceDate "2013.06.25"]
[SourceVersion "2"]
[SourceVersionDate "2013.06.25"]
[SourceQuality "1"]

1. e4 g6 2. d4 Bg7 3. Nf3 d6 4. Bc4 c6 5. 0-0 b5 6. Bd3 Bg4 7. c3 Nf6 8. Re1 0-0 9. h3 Be6 10. Qe2 Nbd7 11. Ng5 a6 12. Be3 Nb6 13. f4 Bc4 14. Nd2 Bxd3 15. Qxd3 Rc8 16. e5 Nfd5 17. e6 f5 18. g3 Qc7 19. Bf2 Nf6 20. Nf1 d5 21. Nf7 Ne4 22. Qf3 Nc4 23. g4 Ncd6 24. Ne5 Rf6 25. gxf5 Nxf5 26. Ng3 Nfxg3 27. Bxg3 Rxe6 28. Rxe4 dxe4 29. Qxe4 Rf6 30. Ng4 Rf5 31. Rd1 Rf7 32. Kh2 Qd7 33. Bh4 Rcf8 34. Bg5 b4 35. Bh6 Qd6 36. Bxg7 Kxg7 37. Kg2 bxc3 38. bxc3 h5 39. Ne5 Rxf4 40. Qxc6 Rf2+ 41. Kg1 Rxa2 42. Qxd6 exd6 43. Nc4 d5 44. Ne3 Rd8 45. Rb1 Re2 46. Ng2 Rc2 47. Rb7+ Kh6 48. Rb6 Rxc3 49. Rxa6 Rxh3 50. Nf4 Rg3+ 51. Kh2 Rg4 52. Ne6 Rb8 53. Rd6 Rb2+ 54. Kh3 Rb3+ 55. Kh2 Re4 56. Kg2 Re2+ 57. Kf1 Ra2 0-1

[Event "Catalunya-ch Seniors"]
[Site "Santa Susanna"]
[Date "2013.05.05"]
[Round "2"]
[White "Bonell Mitjans, Antonio"]
[Black "Navarro Alvarez, Antonio"]
[Result "1-0"]
[WhiteElo "2096"]
[BlackElo "1973"]
[PlyCount "99"]
[EventDate "2013.05.04"]
[EventType "swiss"]
[EventRounds "9"]
[EventCountry "ESP"]
[SourceTitle "CBM 154 Extra"]
[Source "ChessBase"]
[SourceDate "2013.06.25"]
[SourceVersion "2"]
[SourceVersionDate "2013.06.25"]
[SourceQuality "1"]

1. e4 g6 2. d4 Bg7 3. Nf3 d6 4. Bc4 c6 5. 0-0 b5 6. Bd3 Nf6 7. h3 0-0 8. Be3 Bb7 9. Nbd2 Nbd7 10. Qe2 e5 11. dxe5 Nxe5 12. Nxe5 dxe5 13. Nb3 Nd7 14. Nc5 Nxc5 15. Bxc5 Re8 16. c4 a6 17. a4 bxa4 18. Rxa4 Qc7 19. Qe3 Bc8 20. Bb6 Qe7 21. c5 h6 22. b4 Qe6 23. Bc2 Kh7 24. Bb3 Qe7 25. Rd1 f5 26. exf5 gxf5 27. Ra2 Bf8 28. Rad2 e4 29. Bd8 Qe5 30. Bf7 f4 31. Qe2 f3 32. Qe3 Rxd8 33. Rxd8 Be7 34. Qd4 Qxd4 35. R8xd4 Bf5 36. g4 Kg7 37. gxf5 Kxf7 38. Rxe4 Rg8+ 39. Rg4 Rb8 40. Rd7 Kf6 41. Kh2 a5 42. Re4 Bf8 43. bxa5 Bxc5 44. Kg3 Rb2 45. Kf4 Re2 46. Re6+ Rxe6 47. fxe6 Kxe6 48. Rh7 Bxf2 49. Kxf3 Bc5 50. a6 1-0

[Event "ESP-ch Seniors 27th"]
[Site "Santa Susanna"]
[Date "2011.05.16"]
[Round "4"]
[White "Navarro Alvarez, Antonio"]
[Black "Vilageliu Ceballos, Josep M"]
[Result "0-1"]
[WhiteElo "2049"]
[BlackElo "2047"]
[PlyCount "107"]
[EventDate "2011.05.13"]
[EventType "swiss"]
[EventRounds "9"]
[EventCountry "ESP"]
[SourceTitle "CBM 142 Extra"]
[Source "ChessBase"]
[SourceDate "2011.06.27"]
[SourceVersion "1"]
[SourceVersionDate "2011.06.27"]
[SourceQuality "1"]

1. e4 c5 2. Nf3 Nc6 3. d4 cxd4 4. Nxd4 g6 5. Be3 Bg7 6. Be2 Nf6 7. f3 0-0 8. Nc3 d5 9. exd5 Nxd5 10. Nxd5 Qxd5 11. Nxc6 Qxc6 12. Qc1 Bf5 13. c3 Rfd8 14. 0-0 a5 15. a4 Bd3 16. Bxd3 Rxd3 17. Rd1 Rad8 18. Rxd3 Rxd3 19. Kf2 Qc4 20. Qc2 Rxe3 21. Kxe3 Bd4+ 22. Kd2 Bf6 23. Qe4 Qb3 24. Rb1 e5 25. g3 Bg5+ 26. f4 exf4 27. gxf4 Bf6 28. Qe8+ Kg7 29. Qb5 Qe6 30. Rf1 b6 31. Rf2 h5 32. Re2 Qd6+ 33. Kc2 Qxf4 34. Qxb6 Qxa4+ 35. Qb3 Qa1 36. Rd2 Qe1 37. Qc4 g5 38. Rd7 Qf2+ 39. Kb3 Be5 40. Qd5 Qf6 41. h3 g4 42. hxg4 hxg4 43. Rb7 g3 44. Ka4 Kg6 45. Kxa5 Qf5 46. Rb5 Bc7+ 47. Ka6 Qxd5 48. Rxd5 f5 49. b4 g2 50. Rd1 f4 51. b5 f3 52. b6 Bg3 53. Rg1 f2 54. Rxg2 0-1

[Event "Barcelona Sant Marti op 12th"]
[Site "Barcelona"]
[Date "2010.07.15"]
[Round "3"]
[White "Navarro Alvarez, Antonio"]
[Black "Perpinya Rofes, Lluis Maria"]
[Result "0-1"]
[WhiteElo "2066"]
[BlackElo "2344"]
[PlyCount "26"]
[EventDate "2010.07.13"]
[EventType "swiss"]
[EventRounds "9"]
[EventCountry "ESP"]
[SourceTitle "CBM 137 Extra"]
[Source "ChessBase"]
[SourceDate "2010.09.01"]
[SourceVersion "1"]
[SourceVersionDate "2010.09.01"]
[SourceQuality "1"]

1. b3 e5 2. Bb2 Nc6 3. g3 d5 4. Bg2 Nf6 5. d3 Bc5 6. Nf3 0-0 7. Nxe5 Nxe5 8. Bxe5 Bxf2+ 9. Kf1 Ng4 10. Qc1 Be3 11. Qb2 d4 12. Bf4 Bxf4 13. gxf4 Ne3+ 0-1

[Event "Barcelona Sant Marti op 12th"]
[Site "Barcelona"]
[Date "2010.07.13"]
[Round "1"]
[White "Navarro Alvarez, Antonio"]
[Black "Perez Mitjans, Orelvis"]
[Result "0-1"]
[WhiteElo "2066"]
[BlackElo "2424"]
[PlyCount "82"]
[EventDate "2010.07.13"]
[EventType "swiss"]
[EventRounds "9"]
[EventCountry "ESP"]
[SourceTitle "CBM 137 Extra"]
[Source "ChessBase"]
[SourceDate "2010.09.01"]
[SourceVersion "1"]
[SourceVersionDate "2010.09.01"]
[SourceQuality "1"]

1. b3 e5 2. Bb2 Bd6 3. e4 Nf6 4. d3 0-0 5. Nf3 Nc6 6. Be2 Qe7 7. Nbd2 Bc5 8. Nc4 d6 9. h3 Be6 10. Ne3 a5 11. a3 Rad8 12. c4 Nh5 13. Nd5 Bxd5 14. cxd5 Nb8 15. Nxe5 Nf4 16. Nf3 Nxg2+ 17. Kf1 Nf4 18. Qd2 Ng6 19. Nd4 Bxd4 20. Bxd4 f5 21. exf5 Rxf5 22. Bg4 Rxd5 23. Re1 Ne5 24. Qc3 Nbc6 25. Bf3 Rxd4 26. Bxc6 Rf4 27. Bd5+ Kh8 28. Re4 Rxe4 29. Bxe4 d5 30. Bf5 Rf8 31. Bg4 b6 32. Rg1 c5 33. d4 Qf6 34. Qd2 Nd3 35. Rg2 Qxd4 36. Bd1 a4 37. Kg1 axb3 38. Bxb3 Qa1+ 39. Kh2 Ne1 40. Rg3 Nf3+ 41. Rxf3 Rxf3 0-1

[Event "Catalunya-chT Primera Gp1"]
[Site "Catalunya"]
[Date "2008.02.17"]
[Round "4"]
[White "Navarro Alvarez, Antonio"]
[Black "Perpinya Rofes, Lluis Maria"]
[Result "0-1"]
[WhiteElo "2129"]
[BlackElo "2416"]
[PlyCount "114"]
[EventDate "2008.01.27"]
[EventType "team-tourn"]
[EventRounds "9"]
[EventCountry "ESP"]
[SourceTitle "EXT 2019"]
[Source "ChessBase"]
[SourceDate "2018.10.10"]
[SourceVersion "1"]
[SourceVersionDate "2018.10.10"]
[SourceQuality "1"]

1. Nf3 Nf6 2. Nc3 c5 3. g3 g6 4. d3 Bg7 5. Bg5 d6 6. Bg2 Nc6 7. 0-0 0-0 8. Qd2 Re8 9. Bh6 Bh8 10. e4 Rb8 11. Rae1 Ng4 12. Bf4 b5 13. h3 Nge5 14. Nd5 Nxf3+ 15. Bxf3 Bxh3 16. Bg2 Qd7 17. Kh2 Bxg2 18. Kxg2 e6 19. Ne3 f5 20. exf5 exf5 21. Nd5 Qf7 22. c4 bxc4 23. dxc4 Rxb2 24. Rxe8+ Qxe8 25. Re1 Qf7 26. Qe3 Bd4 27. Qe8+ Qxe8 28. Rxe8+ Kf7 29. Rc8 Rxf2+ 30. Kh3 g5 31. Bxg5 Ne5 32. Nf4 Nf3 33. Rc7+ Ke8 34. Re7+ Kd8 35. Ne6+ Kc8 36. g4 Nxg5+ 37. Nxg5 Bf6 38. Re8+ Kd7 39. Rg8 Bxg5 40. Rxg5 fxg4+ 41. Kg3 Rxa2 42. Rg7+ Kc6 43. Rxh7 Ra4 44. Kxg4 Rxc4+ 45. Kf3 a5 46. Ke3 Rg4 47. Ra7 a4 48. Kd3 a3 49. Kc2 Rg3 50. Kb1 Kd5 51. Ka2 c4 52. Rh7 Kd4 53. Rh4+ Kc5 54. Rh8 d5 55. Rc8+ Kd4 56. Ra8 Kd3 57. Rxa3+ c3 0-1

[Event "Barcelona Rubi op-A 5th"]
[Site "Barcelona"]
[Date "2004.04.??"]
[Round "8"]
[White "Gamez Navas, Juan"]
[Black "Navarro Alvarez, Antonio"]
[Result "1/2-1/2"]
[WhiteElo "2090"]
[BlackElo "2110"]
[PlyCount "89"]
[EventDate "2004.04.25"]
[EventType "swiss"]
[EventRounds "9"]
[EventCountry "ESP"]
[SourceTitle "EXT 2007"]
[Source "ChessBase"]
[SourceDate "2006.11.23"]
[SourceVersion "1"]
[SourceVersionDate "2006.11.23"]
[SourceQuality "1"]

1. Nf3 Nf6 2. d4 d6 3. c4 g6 4. Nc3 Bg7 5. e4 0-0 6. Be2 c5 7. d5 Bg4 8. 0-0 Qc8 9. Be3 a6 10. a4 a5 11. Qd2 Na6 12. Bh6 Nb4 13. Bxg7 Kxg7 14. h3 Bd7 15. Nh2 Ra6 16. f4 e5 17. f5 Rb6 18. Ng4 Nxg4 19. hxg4 f6 20. Rf3 Ra6 21. Rh3 g5 22. Kf2 Rh8 23. Rah1 h6 24. Bd1 Rh7 25. Qe3 Ra8 26. Qg3 Qc7 27. Qh2 Rah8 28. Qg3 Be8 29. Nb5 Qb6 30. Qc3 Bxb5 31. axb5 Qa7 32. Ba4 b6 33. Rh5 Qd7 34. Rd1 Na6 35. Rdh1 Nc7 36. Qf3 Ne8 37. R1h2 Kf8 38. Rh1 Ng7 39. R1h2 Qf7 40. g3 Ke7 41. Qh1 Nxh5 42. Rxh5 Rg7 43. Ke3 Kd7 44. Qh2 Re8 45. Qh1 1/2-1/2

[Event "Barcelona Rubi op-A 5th"]
[Site "Barcelona"]
[Date "2004.04.??"]
[Round "1"]
[White "Terron Merino, Patricio"]
[Black "Navarro Alvarez, Antonio"]
[Result "0-1"]
[WhiteElo "1980"]
[BlackElo "2110"]
[PlyCount "30"]
[EventDate "2004.04.25"]
[EventType "swiss"]
[EventRounds "9"]
[EventCountry "ESP"]
[SourceTitle "EXT 2007"]
[Source "ChessBase"]
[SourceDate "2006.11.23"]
[SourceVersion "1"]
[SourceVersionDate "2006.11.23"]
[SourceQuality "1"]

1. e4 e5 2. Bc4 Qg5 3. Nf3 Qh5 4. d4 d6 5. dxe5 Bg4 6. exd6 Bxd6 7. Qd5 Bxf3 8. Qxb7 Nf6 9. Qc8+ Ke7 10. Qxh8 Bxe4 11. Qxg7 Bg6 12. g4 Qxg4 13. Bxf7 Qe4+ 14. Kd2 Qxc2+ 15. Ke3 Qd3# 0-1

[Event "Barcelona Rubi op 4th"]
[Site "Barcelona"]
[Date "2003.??.??"]
[Round "3"]
[White "Navarro Alvarez, Antonio"]
[Black "Ferran Biosca, Robert"]
[Result "1-0"]
[WhiteElo "2130"]
[BlackElo "2250"]
[PlyCount "55"]
[EventDate "2003.04.26"]
[EventType "swiss"]
[EventRounds "7"]
[EventCountry "ESP"]
[SourceTitle "EXT 2004"]
[Source "ChessBase"]
[SourceDate "2003.11.25"]
[SourceVersion "1"]
[SourceVersionDate "2003.11.25"]
[SourceQuality "1"]

1. e4 c5 2. Nf3 e6 3. d4 cxd4 4. Nxd4 a6 5. Be2 Nf6 6. Nc3 Qc7 7. a3 Nc6 8. Be3 Be7 9. 0-0 d6 10. f4 Bd7 11. Qe1 0-0 12. Qg3 Na5 13. e5 Ne8 14. Ne4 Nc4 15. Bxc4 Qxc4 16. Rad1 d5 17. Ng5 h6 18. Nh3 Kh7 19. f5 exf5 20. Nf4 g5 21. Nh5 f4 22. Bxf4 gxf4 23. Rxf4 Bg5 24. Ne6 Bxf4 25. Nxf8+ Kh8 26. Nxf4 Qc5+ 27. Qf2 Qxf8 28. Ng6+ 1-0